000 00285nam a22001337a 4500
008 240126b ||||| |||| 00| 0 eng d
041 _aeng
080 _2THIRD EDITION
_a521
082 _a521KAH
100 _a19
101 _aASTRO
245 _aQUASARS
_cF.D.KAHN
942 _2udc
_cBK
999 _c60549
_d60549